| 000 | 01863nam a2200325 4500 | ||
|---|---|---|---|
| 001 | 134 | ||
| 003 | OSt | ||
| 005 | 20250207074543.0 | ||
| 008 | 250128b |||||||g |||| 00| j eng d | ||
| 020 | _a9788562936272 | ||
| 040 | _bpor | ||
| 041 |
_heng _apor |
||
| 082 |
_a823 _bC555i |
||
| 100 | 1 |
_aChristie, Agatha, _d1890-1976 _9268 |
|
| 240 | _aAgatha Christie´s secret notebooks:fifity years of mysteries inthe making | ||
| 245 |
_aO incidente da bola de cachorro / _cChristie, Agatha ; Curran, John ; Tradução de Thereza Christina Rocque da Motta |
||
| 260 |
_aSão Paulo _bLeya _c2010 |
||
| 300 | _a95 p. | ||
| 490 | 1 | _aOs diários secretos de Agatha Christie: 50 anos de mistério na criação | |
| 520 | _aCurran, especialista na obra de Agatha Christie, a escritora que mais vendeu livros no mundo - 2 bilhões de exemplares em 45 idiomas, segundo seu site oficial -, passou quatro anos analisando os rascunhos. "Eu sabia da existência dos cadernos, mas nunca, nem em meus melhores sonhos, cheguei a pensar que acabaria lendo eles um dia e publicando um livro sobre eles", explicou Curran à Agência Efe em Torquay, cidade natal da escritora. Foi ali perto, na residência de verão dos Christie, que o especialista estudou os 73 cadernos conservados. As anotações são "completamente caóticas". Às vezes a autora começava tratando de um livro e saltava para outro algumas páginas depois. E em alguns casos, ela retomava ideias inacabadas dez anos depois. | ||
| 650 | 0 |
_aLiteratura Inglesa _989 |
|
| 650 | 0 |
_aHistorias curtas _967 |
|
| 650 | 0 |
_aRomance Policial _911 |
|
| 650 | 0 |
_aSuspense _910 |
|
| 650 | 0 |
_aMistério _942 |
|
| 655 | 0 |
_aConto _968 |
|
| 700 |
_aThereza Christina Rocque da Motta _eTradutor _9283 |
||
| 830 |
_aOs diários secretos de Agatha Christie: 50 anos de mistério na criação _9284 |
||
| 942 |
_2ddc _n0 _cBK |
||
| 999 |
_c134 _d134 |
||